| 000 | 00497nam a2200145Ia 4500 | ||
|---|---|---|---|
| 008 | 170725s9999 xx 000 0 und d | ||
| 100 | _aPaolo Arcaini | ||
| 245 | 2 | _aA novel use of equivalent mutants for static anomaly detection in software artifacts | |
| 245 | _cPaolo Arcaini, Angelo Gargantini, Elvinia Riccobene, Paolo Vavassori | ||
| 260 | _c2017 | ||
| 300 | _apages 52-64, January | ||
| 440 |
_aInformation and software technology _v81: |
||
| 500 | _aCJ0030 | ||
| 650 | _aMutation Testing | ||
| 999 |
_c340881 _d340881 |
||